00839nam a22002292 450000100060000000300080000600500170001400800390003103500510007004000270012104100080014808200220015610000330017824500630021126000520027430000340032650400320036065100510039294200120044399900170045595201370047235941BD-RjUL20211209052415.0140612r19681967enkabf b 000 0 eng a(BD-RjUL)36038aOCLC ocm00309759 from D970612M aDLCcDLCdBD-RjULbeng aeng a320.966bPRP 19681 aPrice, Joseph Henry.910940810aPolitical institutions of West Africa /c[by] J. H. Price. aLondon :bHutchinson,cc1967 [Impression 1968]. axii, 266 p. :bill. ;c22 cm. aBibliography: p. [258]-260. 0aAfrica, WestxPolitics and government.9109409 2ddccBK c35941d35941 00102ddc40718NFICaRUCLbRUCLcReadingd1975-01-16eM. Obidul Huql0o320.966 PRP 1968r2014-06-12 00:00:00tC-1w2014-06-12yBK